000
002980000a22001090004500
100
1
_a
Camargo López, Jesús
245
1
0
_a
Pobreza social y familiar
300
_a
Vol. 11, Num 2 (Abril-Junio, 1992) Páginas 15-16
700
1
_a
Pérez de Camargo, Carmen
773
0
_t
Iglesia y Misión
942
_c
ANA
999
_c
51958
_d
51958